|
|
|
|
| LEADER |
00000cam a2200000 c 4500 |
| 001 |
224585975 |
| 003 |
DE-627 |
| 005 |
20260206200310.0 |
| 007 |
tu |
| 008 |
970219s1997 gw ||||| 00| ||ger c |
| 015 |
|
|
|a 97,N09,0106
|2 dnb
|
| 015 |
|
|
|a 97,A19,0254
|2 dnb
|
| 016 |
7 |
|
|a 949188573
|2 DE-101
|
| 020 |
|
|
|a 3406417833
|c (kart.)
|9 3-406-41783-3
|
| 035 |
|
|
|a (DE-627)224585975
|
| 035 |
|
|
|a (DE-603)052012301
|
| 035 |
|
|
|a (DE-576)05745017X
|
| 035 |
|
|
|a (DE-599)GBV224585975
|
| 035 |
|
|
|a (OCoLC)231695212
|
| 035 |
|
|
|a (OCoLC)68600524
|
| 035 |
|
|
|a (DE-H357)his18344
|
| 040 |
|
|
|a DE-627
|b ger
|c DE-627
|e rakwb
|
| 041 |
|
|
|a ger
|
| 044 |
|
|
|c XA-DE
|
| 084 |
|
|
|a 11
|a 12
|a 13
|a 14
|a 16
|2 sdnb
|
| 084 |
|
|
|a 0
|a 1
|2 ssgn
|
| 084 |
|
|
|a LB 46385
|2 rvk
|0 (DE-625)rvk/90561:894
|
| 084 |
|
|
|a BE 2830
|2 rvk
|0 (DE-625)rvk/10547:
|
| 084 |
|
|
|a CV 7500
|2 rvk
|0 (DE-625)rvk/19168:
|
| 084 |
|
|
|a CX 7000
|2 rvk
|0 (DE-625)rvk/19221:
|
| 084 |
|
|
|a MS 1275
|2 rvk
|0 (DE-625)rvk/123586:
|
| 084 |
|
|
|a 11.06
|2 bkl
|
| 084 |
|
|
|a 77.64
|2 bkl
|
| 084 |
|
|
|a 73.78
|2 bkl
|
| 084 |
|
|
|a 11.90
|2 bkl
|
| 090 |
|
|
|a a
|
| 100 |
1 |
|
|a Kakar, Sudhir
|d 1938-2024
|0 (DE-588)104221429
|0 (DE-627)076969800
|0 (DE-576)161636713
|4 aut
|
| 109 |
|
|
|a Kakar, Sudhir 1938-2024
|a Kakar, S. 1938-2024
|a Sudhir Kakar 1938-2024
|
| 240 |
1 |
4 |
|a The colors of violence <dt.>
|
| 245 |
1 |
4 |
|a Die Gewalt der Frommen
|b zur Psychologie religiöser und ethnischer Konflikte
|c Sudhir Kakar
|
| 264 |
|
1 |
|a München
|b Beck
|c 1997
|
| 300 |
|
|
|a 312 S
|c 21 cm
|
| 336 |
|
|
|a Text
|b txt
|2 rdacontent
|
| 337 |
|
|
|a ohne Hilfsmittel zu benutzen
|b n
|2 rdamedia
|
| 338 |
|
|
|a Band
|b nc
|2 rdacarrier
|
| 500 |
|
|
|a Aus dem Engl. übers
|
| 505 |
8 |
|
|a Literaturangaben
|
| 505 |
8 |
|
|a Literaturangaben
|
| 583 |
1 |
|
|a Archivierung/Langzeitarchivierung gewährleistet
|f SSG
|x XA-DE-BW
|2 pdager
|5 DE-21
|
| 650 |
0 |
7 |
|0 (DE-588)4402771-0
|0 (DE-627)193681455
|0 (DE-576)212076639
|a Religiöser Konflikt
|2 gnd
|
| 650 |
0 |
7 |
|0 (DE-588)4047704-6
|0 (DE-627)106193821
|0 (DE-576)209074426
|a Psychologie
|2 gnd
|
| 650 |
0 |
7 |
|0 (DE-588)4169999-3
|0 (DE-627)104392975
|0 (DE-576)209926821
|a Minderheitenfrage
|2 gnd
|
| 650 |
0 |
7 |
|0 (DE-588)4040921-1
|0 (DE-627)106221205
|0 (DE-576)209042680
|a Muslim
|2 gnd
|
| 650 |
0 |
7 |
|0 (DE-588)4159905-6
|0 (DE-627)10548167X
|0 (DE-576)209853778
|a Hindu
|2 gnd
|
| 650 |
0 |
7 |
|0 (DE-588)4027743-4
|0 (DE-627)106283499
|0 (DE-576)20897220X
|a Islam
|2 gnd
|
| 650 |
0 |
7 |
|0 (DE-588)4024955-4
|0 (DE-627)106295438
|0 (DE-576)208958487
|a Hinduismus
|2 gnd
|
| 650 |
|
4 |
|a Hinduismus, Moslem, Kulturpsychologie, Gewalt, Aufruhr
|
| 651 |
|
7 |
|0 (DE-588)4026722-2
|0 (DE-627)104585129
|0 (DE-576)208967699
|a Indien
|2 gnd
|
| 689 |
0 |
0 |
|d s
|0 (DE-588)4402771-0
|0 (DE-627)193681455
|0 (DE-576)212076639
|a Religiöser Konflikt
|2 gnd
|
| 689 |
0 |
1 |
|d s
|0 (DE-588)4047704-6
|0 (DE-627)106193821
|0 (DE-576)209074426
|a Psychologie
|2 gnd
|
| 689 |
0 |
|
|5 DE-101
|
| 689 |
1 |
0 |
|d s
|0 (DE-588)4169999-3
|0 (DE-627)104392975
|0 (DE-576)209926821
|a Minderheitenfrage
|2 gnd
|
| 689 |
1 |
|
|5 DE-101
|
| 689 |
2 |
0 |
|d g
|0 (DE-588)4026722-2
|0 (DE-627)104585129
|0 (DE-576)208967699
|a Indien
|2 gnd
|
| 689 |
2 |
1 |
|d s
|0 (DE-588)4024955-4
|0 (DE-627)106295438
|0 (DE-576)208958487
|a Hinduismus
|2 gnd
|
| 689 |
2 |
2 |
|d s
|0 (DE-588)4027743-4
|0 (DE-627)106283499
|0 (DE-576)20897220X
|a Islam
|2 gnd
|
| 689 |
2 |
3 |
|d s
|0 (DE-588)4032081-9
|0 (DE-627)106262971
|0 (DE-576)208995544
|a Konflikt
|2 gnd
|
| 689 |
2 |
|
|5 (DE-627)
|
| 700 |
1 |
2 |
|a Kakar, Sudhir
|d 1938-2024
|t The colors of violence <dt.>
|
| 856 |
4 |
2 |
|u http://scans.hebis.de/HEBCGI/show.pl?05201230_toc.pdf
|m V:DE-603;B:DE-17
|q application/pdf
|3 Inhaltsverzeichnis
|7 1
|
| 935 |
|
|
|a mteo
|a RFBW
|
| 935 |
|
|
|i sf
|
| 935 |
|
|
|i Blocktest
|
| 935 |
|
|
|h HEB
|i 0501
|
| 935 |
|
|
|h HEB
|i 0503
|
| 936 |
r |
v |
|a LB 46385
|b Indien
|k Sozial- und Kulturanthropologie. Empirische Kulturwissenschaft
|k Soziale und politische Organisation und Praxis
|k Religiöse Gruppen und Bewegungen
|k Asien (ohne GUS)
|k Südasien
|k Indien
|0 (DE-627)1271809974
|0 (DE-625)rvk/90561:894
|0 (DE-576)201809974
|
| 936 |
r |
v |
|a BE 2830
|b Fundamentalismus, Extremismus allgemein
|k Theologie und Religionswissenschaften
|k Religionswissenschaft
|k Systematische Religionswissenschaft
|k Religionsphänomenologie
|k Religiöse Organisation und Rollen
|k Fundamentalismus, Extremismus allgemein
|0 (DE-627)1270658875
|0 (DE-625)rvk/10547:
|0 (DE-576)200658875
|
| 936 |
r |
v |
|a CV 7500
|b Kultur und Gesellschaft, Kulturvergleichende Psychologie, Massenpsychologie
|k Psychologie
|k Sozialpsychologie
|k Kultur und Gesellschaft, Kulturvergleichende Psychologie, Massenpsychologie
|0 (DE-627)1270708821
|0 (DE-625)rvk/19168:
|0 (DE-576)200708821
|
| 936 |
r |
v |
|a CX 7000
|b Religionspsychologie
|k Psychologie
|k Religions- und Kunstpsychologie
|k Religionspsychologie
|0 (DE-627)1271502887
|0 (DE-625)rvk/19221:
|0 (DE-576)201502887
|
| 936 |
r |
v |
|a MS 1275
|b Indien und Himalajaländer
|k Soziologie
|k Spezielle Soziologien
|k Analysen einzelner Länder
|k Außereuropa
|k Indien und Himalajaländer
|0 (DE-627)1271440768
|0 (DE-625)rvk/123586:
|0 (DE-576)201440768
|
| 936 |
b |
k |
|a 11.06
|j Religionspsychologie
|0 (DE-627)106404210
|
| 936 |
b |
k |
|a 77.64
|j Gruppendynamik
|0 (DE-627)106413104
|
| 936 |
b |
k |
|a 73.78
|j Ethnopsychologie
|0 (DE-627)106411292
|
| 936 |
b |
k |
|a 11.90
|j Indische Religionen: Allgemeines
|0 (DE-627)10640394X
|
| 936 |
s |
n |
|a b100
|2 mzub
|
| 936 |
s |
n |
|a c200
|2 mzub
|
| 936 |
s |
n |
|a m200
|2 mzub
|
| 936 |
s |
n |
|a m100
|2 mzub
|
| 938 |
1 |
0 |
|0 (DE-627)1756240507
|0 (DE-615)6605010
|a Religiöser Konflikt
|2 fivt
|
| 938 |
1 |
0 |
|0 (DE-627)1756160848
|0 (DE-615)6602365
|a Psychologie
|2 fivt
|
| 938 |
1 |
0 |
|0 (DE-627)1756186618
|0 (DE-615)6604682
|a Ethnischer Konflikt
|2 fivt
|
| 938 |
1 |
0 |
|0 (DE-627)1756220948
|0 (DE-615)6601590
|a Indien
|2 fivt
|
| 938 |
1 |
0 |
|0 (DE-627)1756168504
|0 (DE-615)6604946
|a Hinduismus
|2 fivt
|
| 938 |
1 |
0 |
|0 (DE-627)1756169551
|0 (DE-615)6605656
|a Islam
|2 fivt
|
| 938 |
1 |
0 |
|0 (DE-627)1756166641
|0 (DE-615)6602632
|a Konflikt
|2 fivt
|
| 951 |
|
|
|a BO
|
| ELC |
|
|
|b 1
|
| LOK |
|
|
|0 000 xxxxxcx a22 zn 4500
|
| LOK |
|
|
|0 001 3171944472
|
| LOK |
|
|
|0 003 DE-627
|
| LOK |
|
|
|0 004 224585975
|
| LOK |
|
|
|0 005 20240321092405
|
| LOK |
|
|
|0 008 150728||||||||||||||||ger|||||||
|
| LOK |
|
|
|0 035
|a (DE-21-110)kd50201
|
| LOK |
|
|
|0 040
|a DE-21-110
|c DE-627
|d DE-21-110
|
| LOK |
|
|
|0 689
|a s
|a Gewalt
|
| LOK |
|
|
|0 689
|a s
|a Ethnozentrismus
|
| LOK |
|
|
|0 689
|a s
|a Religion
|
| LOK |
|
|
|0 689
|a s
|a Religionskonflikte
|
| LOK |
|
|
|0 689
|a s
|a Ethnische Konflikte
|
| LOK |
|
|
|0 689
|a s
|a Fundamentalismus
|
| LOK |
|
|
|0 689
|a s
|a Asien
|
| LOK |
|
|
|0 689
|a s
|a Kriminalität
|
| LOK |
|
|
|0 852
|z Kein Bestand am IfK; Nachweis für KrimDok
|
| LOK |
|
|
|0 852
|a DE-21-110
|
| LOK |
|
|
|0 852 1
|9 00
|
| LOK |
|
|
|0 935
|a k110
|
| LOK |
|
|
|0 939
|a 28-07-15
|b l01
|
| ORI |
|
|
|a SA-MARC-krimdoka001.raw
|
| TIM |
|
|
|a 100019470815_100020261231
|b 1947-08-15 - 2026
|